Heat (Record no. 113135)

MARC details
000 -LEADER
fixed length control field 01118cad a22002175a 4500
001 - CONTROL NUMBER
control field L154759
008 - FIXED-LENGTH DATA ELEMENTS--GENERAL INFORMATION
fixed length control field 120117s2012 xxk f 000 0 eng d
020 1# - INTERNATIONAL STANDARD BOOK NUMBER
International Standard Book Number 1903496772
035 ## - SYSTEM CONTROL NUMBER
System control number (Sirsi) u154759
041 0# - LANGUAGE CODE
Language code of text/sound track or separate title eng
110 2# - MAIN ENTRY--CORPORATE NAME
Corporate name or jurisdiction name as entry element The Royal Academy of Engineering
9 (RLIN) 5917
245 00 - TITLE STATEMENT
Title Heat
Remainder of title degrees of comfort, options for heating homes in a low carbon economy
Medium [electronic resource]
260 ## - PUBLICATION, DISTRIBUTION, ETC.
Place of publication, distribution, etc. London
Name of publisher, distributor, etc. RAE
Date of publication, distribution, etc. 2012
520 ## - SUMMARY, ETC.
Summary, etc. Government needs to accelerate its efforts to reduce reliance on gas boilers and dramatically improve the energy efficiency of buildings in order to meet its 2050 emission targets of an 80% cut compared to 1990 levels. Recommends nationwide programmes to install biomass, district heating, and solar thermal systems and concludes that many heat pumps fail to deliver promised carbon savings in practice.
590 ## - LOCAL NOTE (RLIN)
Local note KA NTK
651 #4 - SUBJECT ADDED ENTRY--GEOGRAPHIC NAME
Geographic name United Kingdom
Chronological subdivision
690 ## - LOCAL SUBJECT ADDED ENTRY--TOPICAL TERM (OCLC, RLIN)
Topical term or geographic name as entry element Energy
9 (RLIN) 6237
690 ## - LOCAL SUBJECT ADDED ENTRY--TOPICAL TERM (OCLC, RLIN)
Topical term or geographic name as entry element Sustainability
9 (RLIN) 6271
856 40 - ELECTRONIC LOCATION AND ACCESS
Uniform Resource Identifier <a href="https://www.raeng.org.uk/news/publications/list/reports/RAE_Heat_Booklet.pdf">https://www.raeng.org.uk/news/publications/list/reports/RAE_Heat_Booklet.pdf</a>
Public note View the report free of charge at www.raeng.org.uk
942 ## - ADDED ENTRY ELEMENTS (KOHA)
Suppress in OPAC 0
Holdings
Withdrawn status Lost status Source of classification or shelving scheme Damaged status Not for loan Home library Current library Shelving location Date acquired Total Checkouts Full call number Barcode Date last seen Copy number Price effective from Koha item type
    Dewey Decimal Classification     Virtual Virtual Online 17/01/2012   ONLINE PUBLICATION 154759-2001 06/08/2019 1 06/08/2019 Book